Viaje cientifico á Dinamarca y Suecia con motivo del Congreso Internacional Prehistórico, celebrado en Copenhague en 1869 / (Record no. 167543)
[ view plain ]
| 000 -LEADER | |
|---|---|
| campo de control de longitud fija | 01060nam a22002175i 4500 |
| 001 - NÚMERO DE CONTROL | |
| campo de control | 167543 |
| 003 - IDENTIFICADOR DE NÚMERO DE CONTROL | |
| campo de control | ES-MaACL |
| 005 - FECHA Y HORA DE LA ÚLTIMA TRANSACCIÓN | |
| campo de control | 20250805050016.0 |
| 008 - DATOS DE LONGITUD FIJA--INFORMACIÓN GENERAL | |
| campo de control de longitud fija | 960723s1871 sp a |||| | spa d |
| 040 ## - FUENTE DE CATALOGACIÓN | |
| Centro catalogador/agencia de origen | CYL |
| Lengua de catalogación | spa |
| Centro/agencia transcriptor | CYL |
| 100 1# - ENTRADA PRINCIPAL--NOMBRE DE PERSONA | |
| Nombre de persona | Vilanova y Piera, Juan, |
| Fechas asociadas al nombre | 1821-1893 |
| 9 (RLIN) | 114785 |
| 245 10 - MENCIÓN DEL TÍTULO | |
| Título | Viaje cientifico á Dinamarca y Suecia con motivo del Congreso Internacional Prehistórico, celebrado en Copenhague en 1869 / |
| Mención de responsabilidad, etc. | por Juan Vilanova y Piera y Francisco M. Tubino. |
| 260 ## - PUBLICACIÓN, DISTRIBUCIÓN, ETC. | |
| Lugar de publicación, distribución, etc. | Madrid : |
| Nombre del editor, distribuidor, etc. | [s.n.], |
| Fecha de publicación, distribución, etc. | 1871 ( |
| Fabricante | Imprenta de A. Gomez Fuentenebro) |
| 300 ## - DESCRIPCIÓN FÍSICA | |
| Extensión | LII, 269, [9] h. de lam. : |
| Otras características físicas | il. ; |
| Dimensiones | 23 cm. |
| 599 #1 - NOTA A LAS ILUSTRACIONES | |
| NOTA A LAS ILUSTRACIONES | Las h. de grab. lit.: "A Perea, Paris" retrato de Worsae, junto a port., el resto "Vilanova y Tubino, Lit. de Kraus, Madrid" al final del texto. |
| 650 #4 - PUNTO DE ACCESO ADICIONAL DE MATERIA--TÉRMINO DE MATERIA | |
| Término de materia o nombre geográfico como elemento de entrada | Prehistoria- |
| Subdivisión de forma | Congresos y asambleas. |
| 9 (RLIN) | 152030 |
| 700 11 - ENTRADA AGREGADA--NOMBRE PERSONAL | |
| Nombre de persona | Tubino, Francisco María, |
| Fechas asociadas al nombre | 1833-1888 |
| 9 (RLIN) | 111620 |
| 711 2# - ENTRADA AGREGADA--NOMBRE DE REUNIÓN | |
| Nombre de congreso/reunión o jurisdicción como elemento de entrada | Congreso Internacional Prehistórico ( |
| Fecha del congreso o de la firma del tratado | 1869. |
| Sede del congreso/Lugar de la reunión | Copenhague) |
| 9 (RLIN) | 152031 |
| 852 ## - LOCALIZACIÓN | |
| Ubicación | ES-MaACL |
| Número de control de estantería | G-12715 |
| Nota libre | -- Enc. cart. |
| Estatus retirado | Estado de pérdida | Estado de daño | No para préstamo | Colección | Biblioteca de origen | Biblioteca actual | Ubicación en estantería | Fecha de adquisición | Fuente de adquisición | Total de préstamos | Signatura topográfica completa | Código de barras | Visto por última vez | Precio de reemplazo | Tipo de ítem Koha |
|---|---|---|---|---|---|---|---|---|---|---|---|---|---|---|---|
| Libros del s. XIX | Biblioteca del Ateneo de Madrid | Biblioteca del Ateneo de Madrid | Sala Pecera Planta 3 | 17/01/2008 | G-12715 | 1175769 | 23/02/2023 | 23/02/2023 | Libro impreso antiguo |
